Great sermons. (Record no. 12030)

000 -LEADER
fixed length control field 00813nam a2200253 a 4500
001 - CONTROL NUMBER
control field :::00009832$&:&@@
003 - CONTROL NUMBER IDENTIFIER
control field OkBaRHE
005 - DATE AND TIME OF LATEST TRANSACTION
control field 20000607103353.0
008 - FIXED-LENGTH DATA ELEMENTS--GENERAL INFORMATION
fixed length control field j 000 0 eng u
040 ## - CATALOGING SOURCE
Transcribing agency
100 1# - MAIN ENTRY--PERSONAL NAME
Personal name Harrison, Larry.
245 10 - TITLE STATEMENT
Title Great sermons.
260 ## - PUBLICATION, DISTRIBUTION, ETC. (IMPRINT)
Place of publication, distribution, etc St. John, IN., :
Name of publisher, distributor, etc Christian Book Gallery
Date of publication, distribution, etc nd
300 ## - PHYSICAL DESCRIPTION
Extent 69 p. ;
Dimensions 22 cm.
650 ## - SUBJECT ADDED ENTRY--TOPICAL TERM
Topical term or geographic name as entry element Sermons
700 ## - ADDED ENTRY--PERSONAL NAME
Personal name Edwards, Jonathan, 1703-1758.
700 ## - ADDED ENTRY--PERSONAL NAME
Personal name Finney, Charles Grandison, 1792-1875.
700 ## - ADDED ENTRY--PERSONAL NAME
Personal name Moody, D. L. (Dwight Lyman), 1837-1899.
700 ## - ADDED ENTRY--PERSONAL NAME
Personal name Spurgeon, Charles Haddon, 1834-1892.
700 ## - ADDED ENTRY--PERSONAL NAME
Personal name Wesley, John, 1703-1791.
700 ## - ADDED ENTRY--PERSONAL NAME
Personal name Whitefield, George, 1714-1770.
942 ## - ADDED ENTRY ELEMENTS (KOHA)
Source of classification or shelving scheme
Koha item type Books
Copies
Full call number Date last seen Permanent Location Source of classification or shelving scheme Shelving location Withdrawn status Barcode Date acquired Koha item type Copy number Lost status Not for loan Damaged status Price effective from
BV 4241 .H3G72010-04-14RHEMA Bible Training College General Stacks 98322010-04-14Books1   2010-04-14